[Event "4NCL Online Division 4"]
[Site "online"]
[Date "2022.02.22"]
[EventDate "2022.02.22"]
[Round "3.72"]
[White "Meadows, James"]
[WhiteElo "1700"]
[WhiteTeam "Downend 2"]
[Black "Tzanidakis, Michail"]
[BlackElo "1734"]
[BlackTeam "Guildford Castles 2"]
[Result "0-1"]
[PlyCount "66"]

1. e4 c5 2. Nf3 d6 3. d4 cxd4 4. Nxd4 Nf6 5. Nc3 a6 6. h3 e6 7. g4 d5 8. g5 Nxe4 9. Nxe4 dxe4 10. Bg2 e5 11. Ne2 Qxd1+ 12. Kxd1 Bc5 13. Bxe4 Bxf2 14. Rf1 Bb6 15. Nc3 Bxh3 16. Rh1 Bg4+ 17. Ke1 Nc6 18. Nd5 Ba5+ 19. c3 O-O-O 20. b4 Be6 21. bxa5 Bxd5 22. Bf5+ Kc7 23. Rh4 Nxa5 24. Ke2 Nc4 25. Rb1 Nd6 26. Bd3 Bxa2 27. Rb2 Bd5 28. c4 Bc6 29. Bd2 e4 30. Ba5+ Kc8 31. Bxd8 exd3+ 32. Kxd3 Rxd8 33. Rxh7 Be4+ 0-1

[Event "4NCL Online Division 4"]
[Site "online"]
[Date "2022.02.22"]
[EventDate "2022.02.22"]
[Round "3.73"]
[White "Hope, Russell"]
[WhiteElo "1663"]
[WhiteTeam "Guildford Castles 2"]
[Black "Walsh, Shaun"]
[BlackElo "1433"]
[BlackTeam "Downend 2"]
[Result "1-0"]
[PlyCount "67"]

1. e4 e6 2. c4 c5 3. Nf3 Nc6 4. Nc3 Bd6 5. Be2 Nf6 6. O-O Qc7 7. b3 Ne5 8. Nb5 Nxf3+ 9. Bxf3 Qb6 10. Bb2 Be7 11. e5 a6 12. Na3 Ng8 13. Nc2 Nh6 14. d4 cxd4 15. Bxd4 Qc7 16. Ne3 Qd8 17. Qc2 d6 18. Rad1 O-O 19. Qc3 f6 20. exd6 Qxd6 21. Bxf6 Bxf6 22. Qa5 Qe7 23. Rfe1 Rb8 24. Nd5 Qf7 25. Qc7 Qxc7 26. Nxc7 e5 27. Bd5+ Kh8 28. h3 Nf5 29. b4 Nd4 30. Rc1 Re8 31. Nxe8 Bd7 32. Nd6 b6 33. Nf7+ Kg8 34. Nxe5+ 1-0

[Event "4NCL Online Division 4"]
[Site "online"]
[Date "2022.02.22"]
[EventDate "2022.02.22"]
[Round "3.74"]
[White "Lewis, Catherine"]
[WhiteElo "1030"]
[WhiteTeam "Downend 2"]
[Black "Yeadon, Jake"]
[BlackElo "1640"]
[BlackTeam "Guildford Castles 2"]
[Result "1-0"]
[PlyCount "67"]

1. e4 e6 2. d4 d5 3. exd5 exd5 4. Nf3 c5 5. Nc3 Bg4 6. Be2 cxd4 7. Qxd4 Be6 8. O-O Nc6 9. Qa4 h6 10. Be3 Nf6 11. Rad1 Bd6 12. Bd3 Qc7 13. Nb5 Qe7 14. Nxd6+ Qxd6 15. c3 O-O 16. Bf4 Qd7 17. Rfe1 Bg4 18. Be2 Ne4 19. h3 Bf5 20. Bd3 Rfe8 21. Bxe4 Bxh3 22. gxh3 Qxh3 23. Bg3 dxe4 24. Rxe4 Qh5 25. Rde1 Rxe4 26. Qxe4 Rd8 27. Kg2 Qb5 28. Re2 Na5 29. Bc7 Rc8 30. Bxa5 Qxa5 31. Qxb7 Rc4 32. Qd7 Qh5 33. Re8+ Kh7 34. Qd3+ 1-0

[Event "4NCL Online Division 4"]
[Site "online"]
[Date "2022.02.22"]
[EventDate "2022.02.22"]
[Round "3.81"]
[White "Jenkins, Simon"]
[WhiteElo "1513"]
[WhiteTeam "Lerryn Clowns"]
[Black "Karia, Kamlesh"]
[BlackElo "1561"]
[BlackTeam "MHJ Bishops"]
[Result "1-0"]
[PlyCount "93"]

1. e4 e5 2. f4 d5 3. Nf3 exf4 4. e5 Be6 5. d4 Nc6 6. Bxf4 h6 7. Bb5 Ne7 8. c3 a6 9. Ba4 Ng6 10. Bg3 Be7 11. O-O O-O 12. Qe1 b5 13. Bc2 Qd7 14. Nbd2 b4 15. Bh4 bxc3 16. bxc3 Rab8 17. Nb3 Nxh4 18. Nxh4 Bxh4 19. Qxh4 Qe7 20. Qg3 Qg5 21. Qxg5 hxg5 22. Nc5 a5 23. Bf5 Nd8 24. Bxe6 Nxe6 25. Nd7 Rb2 26. Nxf8 Kxf8 27. Rf2 Rxf2 28. Kxf2 c5 29. Ke3 f5 30. exf6 gxf6 31. Rb1 cxd4+ 32. cxd4 f5 33. Rb5 f4+ 34. Kd3 Nc7 35. Rxa5 Ke7 36. Rc5 Kd6 37. a4 Ne6 38. Ra5 Nc7 39. Rc5 Ne6 40. Rc2 g4 41. a5 Nd8 42. Rf2 Ne6 43. a6 Kc6 44. Rb2 Nc7 45. a7 f3 46. gxf3 gxf3 47. Ke3 1-0

[Event "4NCL Online Division 4"]
[Site "online"]
[Date "2022.02.22"]
[EventDate "2022.02.22"]
[Round "3.82"]
[White "Bedretdinov, Ruslan"]
[WhiteElo "1120"]
[WhiteTeam "MHJ Bishops"]
[Black "Young, Andy"]
[BlackElo "1504"]
[BlackTeam "Lerryn Clowns"]
[Result "0-1"]
[PlyCount "26"]

1. b4 e6 2. a3 Nf6 3. Bb2 b6 4. f3 Bb7 5. e3 Nc6 6. Be2 Be7 7. f4 O-O 8. Nf3 Ne4 9. d3 Bh4+ 10. Nxh4 Qxh4+ 11. g3 Nxg3 12. Rg1 Ne4+ 13. Kf1 Qf2# 0-1

[Event "4NCL Online Division 4"]
[Site "online"]
[Date "2022.02.22"]
[EventDate "2022.02.22"]
[Round "3.83"]
[White "Reid, Mark"]
[WhiteElo "1455"]
[WhiteTeam "Lerryn Clowns"]
[Black "Michener, Max"]
[BlackElo "1000"]
[BlackTeam "MHJ Bishops"]
[Result "1/2-1/2"]
[PlyCount "32"]

1. d4 f5 2. e4 fxe4 3. Nc3 Nf6 4. Bg5 d6 5. Bxf6 exf6 6. Nxe4 g6 7. Nf3 Bg7 8. Be2 d5 9. Ned2 O-O 10. O-O Nc6 11. c3 Re8 12. Re1 Bf5 13. Qb3 Qd7 14. Bb5 Kf7 15. Qa4 Rab8 16. Nb3 a6 1/2-1/2

[Event "4NCL Online Division 4"]
[Site "online"]
[Date "2022.02.22"]
[EventDate "2022.02.22"]
[Round "3.84"]
[White "Man, Felix"]
[WhiteElo "940"]
[WhiteTeam "MHJ Bishops"]
[Black "Childs, Barry B"]
[BlackElo "1384"]
[BlackTeam "Lerryn Clowns"]
[Result "0-1"]
[PlyCount "112"]

1. e4 d6 2. d4 Nf6 3. Nc3 g6 4. f4 Bg7 5. Nf3 O-O 6. Bd3 a6 7. a4 Bg4 8. h3 Bxf3 9. Qxf3 Nc6 10. Be3 Nb4 11. O-O Nd7 12. e5 Nxd3 13. cxd3 Rb8 14. Rfe1 e6 15. Bd2 Qh4 16. Qg4 Qxg4 17. hxg4 dxe5 18. dxe5 Nc5 19. d4 Nb3 20. Rad1 Nxd4 21. Be3 Nc2 22. Re2 Nxe3 23. Rxe3 Rbd8 24. Red3 Rxd3 25. Rxd3 f6 26. Re3 fxe5 27. fxe5 Rf4 28. Re4 Rxe4 29. Nxe4 Bxe5 30. b3 h6 31. Kf1 Kf7 32. Nc5 Bd4 33. Nxb7 e5 34. Nd8+ Ke7 35. Nc6+ Kd6 36. Nb4 a5 37. Nd3 c5 38. Ke2 Kd5 39. Kd2 c4 40. Nc1 Kc5 41. Kc2 Kb4 42. bxc4 Kxa4 43. Ne2 Kb4 44. Kd3 a4 45. Nc1 a3 46. Kc2 Kxc4 47. Kb1 Bb2 48. Na2 Kb3 49. g3 e4 50. g5 h5 51. g4 h4 52. Nc1+ Bxc1 53. Ka1 h3 54. Kb1 h2 55. Ka1 Bxg5 56. Kb1 h1=Q# 0-1

[Event "4NCL Online Division 4"]
[Site "online"]
[Date "2022.02.22"]
[EventDate "2022.02.22"]
[Round "3.91"]
[White "Constable, Christine F"]
[WhiteElo "1415"]
[WhiteTeam "Bude Beach Surfers"]
[Black "Catabay, Rezin C"]
[BlackElo "1347"]
[BlackTeam "Colchester JFF B"]
[Result "0-1"]
[PlyCount "108"]

1. d4 Nf6 2. Nf3 e6 3. c4 c5 4. g3 cxd4 5. Nxd4 d5 6. Bg2 Be7 7. O-O O-O 8. Bf4 Nc6 9. Nxc6 bxc6 10. Qc2 Bd6 11. e3 Bxf4 12. exf4 Ba6 13. Nd2 Rc8 14. Rfd1 Qb6 15. Qb3 Qc5 16. Rac1 Qd6 17. c5 Qc7 18. Nf3 Rb8 19. Qc3 Ne4 20. Qd4 Qa5 21. a3 Qb5 22. b4 Qb7 23. Ne5 f6 24. Ng4 Be2 25. Bh3 Bxd1 26. Rxd1 f5 27. Ne5 Nf6 28. Bg2 a5 29. Rb1 axb4 30. axb4 Rfc8 31. Bf1 Qc7 32. Nd3 Ne4 33. Qe3 Qe7 34. Ne5 Ra8 35. Qd4 Ra2 36. Nd3 Nd2 37. Re1 Nf3+ 38. Kg2 Nxd4 39. Nc1 Rd2 40. Ba6 Ra8 41. Bd3 Ra1 42. Kf1 Rxc1 43. Rxc1 Rxd3 44. Ra1 Qb7 45. h4 Qxb4 46. Ra8+ Kf7 47. Ra7+ Kf6 48. Ra8 Qb1+ 49. Kg2 Rd1 50. Rf8+ Kg6 51. h5+ Kxh5 52. g4+ fxg4 53. f3 Rg1+ 54. Kf2 Qe1# 0-1

[Event "4NCL Online Division 4"]
[Site "online"]
[Date "2022.02.22"]
[EventDate "2022.02.22"]
[Round "3.92"]
[White "Balaggan, Karam S"]
[WhiteElo "1315"]
[WhiteTeam "Colchester JFF B"]
[Black "Nunn, Michael"]
[BlackElo "1451"]
[BlackTeam "Bude Beach Surfers"]
[Result "0-1"]
[PlyCount "74"]

1. e4 c5 2. Nf3 Nc6 3. d4 cxd4 4. Nxd4 Nf6 5. Nc3 e5 6. Nf3 Bb4 7. Bd3 d5 8. a3 Bxc3+ 9. bxc3 dxe4 10. Ng5 exd3 11. cxd3 h6 12. Nf3 e4 13. Nd2 exd3 14. O-O O-O 15. Nf3 Bf5 16. Bf4 Nd5 17. Bg3 Nxc3 18. Qb3 Ne2+ 19. Kh1 Nxg3+ 20. fxg3 Qb6 21. Qd5 Bg6 22. Nh4 Bh7 23. Rab1 Qd8 24. Qf3 d2 25. Rxb7 Bc2 26. Rxf7 d1=Q 27. Rxf8+ Qxf8 28. Qxd1 Bxd1 29. Rxf8+ Rxf8 30. Nf3 Nd4 31. Ng1 Rf1 32. h3 Ne2 33. Kh2 Rxg1 34. g4 Bb3 35. h4 Bd5 36. g5 Rxg2+ 37. Kh3 Nf4# 0-1

[Event "4NCL Online Division 4"]
[Site "online"]
[Date "2022.02.22"]
[EventDate "2022.02.22"]
[Round "3.93"]
[White "Russell, Lloyd"]
[WhiteElo "1323"]
[WhiteTeam "Bude Beach Surfers"]
[Black "Beer, James"]
[BlackElo "1275"]
[BlackTeam "Colchester JFF B"]
[Result "1-0"]
[PlyCount "67"]

1. d4 d5 2. Nf3 Nc6 3. Bg5 h6 4. Bf4 Nf6 5. e3 Ne4 6. Nbd2 Bf5 7. c4 Nb4 8. Qa4+ Nc6 9. cxd5 Qxd5 10. Bxc7 e6 11. Bf4 Bb4 12. Qd1 f6 13. Be2 e5 14. dxe5 fxe5 15. a3 exf4 16. axb4 Nxb4 17. exf4 Nxd2 18. Qa4+ Nc6 19. Rd1 Nxf3+ 20. Bxf3 Qa5+ 21. Qxa5 Nxa5 22. b4 Nc6 23. b5 Na5 24. O-O O-O 25. Rfe1 Bc2 26. Rd7 b6 27. Bxa8 Rxa8 28. Ree7 Kf8 29. Rxg7 Re8 30. h3 Re1+ 31. Kh2 Nc4 32. Rxa7 Re4 33. Rgf7+ Ke8 34. Rh7 1-0

[Event "4NCL Online Division 4"]
[Site "online"]
[Date "2022.02.22"]
[EventDate "2022.02.22"]
[Round "3.94"]
[White "Kariyawasam, Alexander"]
[WhiteElo "1149"]
[WhiteTeam "Colchester JFF B"]
[Black "Ongley, Kieran M"]
[BlackElo "846"]
[BlackTeam "Bude Beach Surfers"]
[Result "1-0"]
[PlyCount "83"]

1. e4 e5 2. Nf3 Nc6 3. Bc4 Nf6 4. Ng5 Qe7 5. Nxf7 Rg8 6. Ng5 Ng4 7. Bxg8 Qxg5 8. O-O Bc5 9. d4 Bxd4 10. Bxg5 Bxb2 11. Qxg4 Bxa1 12. Nd2 Bd4 13. Nf3 d6 14. Qh5+ Kd7 15. Nxd4 Nxd4 16. c3 Nc2 17. Qf7+ Kc6 18. Qd5+ Kd7 19. Be6+ Ke8 20. Bf7+ Kd7 21. Rc1 c6 22. Be6+ Kc7 23. Qb3 Bxe6 24. Qxe6 Na3 25. Be3 Rd8 26. Qe7+ Rd7 27. Qe6 b5 28. Qb3 Kd8 29. Qxa3 Ke7 30. Bxa7 g5 31. Be3 g4 32. Bg5+ Ke6 33. Qb3+ d5 34. exd5+ cxd5 35. Qxb5 h5 36. Qc6+ Rd6 37. Qc8+ Rd7 38. Qe8+ Kd6 39. Rb1 e4 40. Bf4+ Kc6 41. Qc8+ Rc7 42. Qxc7# 1-0

[Event "4NCL Online Division 4"]
[Site "online"]
[Date "2022.02.22"]
[EventDate "2022.02.22"]
[Round "3.101"]
[White "Morrison, Munroe L"]
[WhiteElo "1633"]
[WhiteTeam "War & Piece Nimrod"]
[Black "Doyle, Jamie"]
[BlackElo "1684"]
[BlackTeam "Wessex Some Stars F"]
[Result "0-1"]
[PlyCount "71"]

1. e4 e5 2. Nf3 Nc6 3. Bc4 Bc5 4. c3 Nf6 5. d4 exd4 6. cxd4 Bb4+ 7. Nbd2 Nxe4 8. d5 Ne7 9. O-O Nxd2 10. Bxd2 Bxd2 11. d6 Bb4 12. dxe7 Bxe7 13. Ne5 O-O 14. Qh5 d5 15. Rad1 c6 16. Bd3 f5 17. g4 Qd6 18. Rfe1 Bf6 19. f4 g6 20. Qh6 Bg7 21. Qg5 Qf6 22. gxf5 Qxg5+ 23. fxg5 Bxf5 24. h4 Rae8 25. Bxf5 gxf5 26. Nd7 Rxe1+ 27. Rxe1 Bd4+ 28. Kg2 Rd8 29. Nf6+ Bxf6 30. gxf6 Rd7 31. Kf3 Kf7 32. Kf4 Kxf6 33. Re8 Re7 34. Rf8+ Kg6 35. Rxf5 Re4+ 36. Kg3 0-1

[Event "4NCL Online Division 4"]
[Site "online"]
[Date "2022.02.22"]
[EventDate "2022.02.22"]
[Round "3.102"]
[White "Blanden, Edward"]
[WhiteElo "1648"]
[WhiteTeam "Wessex Some Stars F"]
[Black "Chwieseni, Edward I"]
[BlackElo "1624"]
[BlackTeam "War & Piece Nimrod"]
[Result "1/2-1/2"]
[PlyCount "57"]

1. c4 Nf6 2. g3 g6 3. b3 Bg7 4. Bb2 d6 5. Bg2 e5 6. Nf3 O-O 7. O-O Nc6 8. Nc3 Bg4 9. h3 Bf5 10. d3 Qc8 11. Kh2 Re8 12. e4 Bd7 13. a3 Nh5 14. b4 Nd4 15. Nxd4 exd4 16. Ne2 c5 17. Bc1 f5 18. exf5 gxf5 19. Nf4 Nxf4 20. Bxf4 Be5 21. Qd2 Bc6 22. b5 Bxg2 23. Kxg2 b6 24. Bxe5 dxe5 25. Qg5+ Kh8 26. Qf6+ Kg8 27. Qg5+ Kh8 28. Qf6+ Kg8 29. Qg5+ 1/2-1/2

[Event "4NCL Online Division 4"]
[Site "online"]
[Date "2022.02.22"]
[EventDate "2022.02.22"]
[Round "3.103"]
[White "Chapman, Chas"]
[WhiteElo "1545"]
[WhiteTeam "War & Piece Nimrod"]
[Black "Hillman, Graham"]
[BlackElo "1630"]
[BlackTeam "Wessex Some Stars F"]
[Result "1/2-1/2"]
[PlyCount "57"]

1. e4 d6 2. d4 Nf6 3. Nc3 Nbd7 4. Be3 e5 5. dxe5 dxe5 6. a3 c6 7. Nf3 Be7 8. Be2 Qc7 9. O-O Ng4 10. Bg5 Ngf6 11. Be3 O-O 12. Bd3 Rd8 13. Qe2 Nf8 14. Rfd1 Bg4 15. Bc4 Be6 16. Bxe6 Nxe6 17. Rd2 Rxd2 18. Nxd2 Nd4 19. Qd1 Rd8 20. Rc1 a5 21. Na2 a4 22. f3 Ne6 23. Qe2 c5 24. Nc3 Nd4 25. Qf2 b5 26. Bxd4 cxd4 27. Ne2 Bc5 28. Kh1 Qb6 29. Qf1 1/2-1/2

[Event "4NCL Online Division 4"]
[Site "online"]
[Date "2022.02.22"]
[EventDate "2022.02.22"]
[Round "3.104"]
[White "Sandy, Paul"]
[WhiteElo "1556"]
[WhiteTeam "Wessex Some Stars F"]
[Black "Thomas, Jacob"]
[BlackElo "1462"]
[BlackTeam "War & Piece Nimrod"]
[Result "0-1"]
[PlyCount "86"]

1. b4 e5 2. Bb2 Bxb4 3. Bxe5 Nf6 4. a3 Ba5 5. c3 O-O 6. e3 Nc6 7. Bg3 d6 8. Bd3 Ne5 9. Be2 Bf5 10. Qb3 Bb6 11. d4 Nd3+ 12. Bxd3 Bxd3 13. Nd2 Ne4 14. Nxe4 Bxe4 15. f3 Bd3 16. Qd1 Bc4 17. Ne2 Re8 18. Bf2 Qg5 19. O-O Rxe3 20. Qd2 Rae8 21. Bxe3 Qxe3+ 22. Qxe3 Rxe3 23. Ng3 Bxf1 24. Nxf1 Rxc3 25. Ng3 Bxd4+ 26. Kf1 Rxf3+ 27. gxf3 Bxa1 28. Ke2 Be5 29. Nf1 a5 30. a4 g5 31. h3 Kg7 32. Kd3 Kg6 33. Ke4 c6 34. Ne3 f6 35. Ng2 d5+ 36. Kd3 Kf5 37. Ke3 h5 38. Ke2 b5 39. axb5 cxb5 40. Kd3 b4 41. Ne3+ Ke6 42. Ng2 a4 43. Ne3 a3 0-1

[Event "4NCL Online Division 4"]
[Site "online"]
[Date "2022.02.22"]
[EventDate "2022.02.22"]
[Round "3.111"]
[White "Trudeau, Gary"]
[WhiteElo "1745"]
[WhiteTeam "Calstock Killers"]
[Black "Brusey, Alan W"]
[BlackElo "2056"]
[BlackTeam "Jurassic Coast"]
[Result "0-1"]
[PlyCount "80"]

1. e4 e5 2. Nf3 Nf6 3. Nc3 Nc6 4. Bb5 Bc5 5. d3 d6 6. Bg5 h6 7. Bxf6 Qxf6 8. Nd5 Qd8 9. c3 O-O 10. a4 a6 11. Bc4 Bg4 12. b4 Ba7 13. Ne3 Ne7 14. Nxg4 Ng6 15. g3 Qd7 16. h3 Kh8 17. Ne3 c6 18. h4 Ne7 19. Bb3 Bxe3 20. fxe3 Qg4 21. Rg1 g6 22. Nd2 Qd7 23. Nc4 Qc7 24. a5 d5 25. Nb6 Rad8 26. Qg4 dxe4 27. dxe4 Rd3 28. Rc1 Rfd8 29. Qe2 f5 30. Bc4 R3d6 31. Qf3 Rd2 32. exf5 Qd6 33. fxg6 Rb2 34. g7+ Kxg7 35. Rg2 Rxg2 36. Qxg2 e4 37. Bb3 Nf5 38. Rd1 Nxe3 39. Qf2 Nxd1 40. Bxd1 Qxd1# 0-1

[Event "4NCL Online Division 4"]
[Site "online"]
[Date "2022.02.22"]
[EventDate "2022.02.22"]
[Round "3.112"]
[White "Homer, Stephen J"]
[WhiteElo "1986"]
[WhiteTeam "Jurassic Coast"]
[Black "Hill, Michael"]
[BlackElo "1701"]
[BlackTeam "Calstock Killers"]
[Result "1-0"]
[PlyCount "135"]

1. e4 c6 2. d4 d5 3. e5 Bf5 4. Nd2 e6 5. Nb3 Nd7 6. Nf3 c5 7. dxc5 Bxc5 8. Nxc5 Nxc5 9. Bb5+ Nd7 10. O-O a6 11. Be2 Ne7 12. Bf4 Rc8 13. c3 Qc7 14. Re1 h6 15. Nd4 Bh7 16. Bg3 Qb6 17. Qd2 Nc5 18. Bf3 Na4 19. Re2 Qc7 20. Bg4 Nb6 21. Rae1 Nc4 22. Qd1 Qb6 23. Qa4+ Nc6 24. b3 Bd3 25. bxc4 Bxe2 26. Nxe2 dxc4 27. Qa3 Ne7 28. Qd6 Qc7 29. f4 O-O 30. Nd4 Rfd8 31. Qxc7 Rxc7 32. f5 exf5 33. e6 fxg4 34. Bxc7 Rc8 35. Bd6 Re8 36. exf7+ Kxf7 37. Kf2 Nd5 38. Rxe8 Kxe8 39. Ne2 Kf7 40. Kg3 h5 41. Kh4 g6 42. Kg5 Nf6 43. Be5 Ne4+ 44. Kf4 Nc5 45. Bd6 Ne6+ 46. Ke5 b5 47. Kd5 g5 48. Kc6 Kf6 49. Kb6 Kf5 50. Ng3+ Kg6 51. Kxa6 h4 52. Ne4 Kf5 53. Nd2 Nf4 54. g3 hxg3 55. hxg3 Ne2 56. Nb1 Ke4 57. Kxb5 Kf3 58. Nd2+ Kg2 59. Kxc4 Nxg3 60. a4 Nf5 61. Bc5 g3 62. a5 Kh3 63. a6 g2 64. Ne4 Ne7 65. a7 Nc6 66. a8=Q Ne5+ 67. Kd5 Nd7 68. Qh8+ 1-0

[Event "4NCL Online Division 4"]
[Site "online"]
[Date "2022.02.22"]
[EventDate "2022.02.22"]
[Round "3.113"]
[White "Kirkman, Nigel J"]
[WhiteElo "1692"]
[WhiteTeam "Calstock Killers"]
[Black "Li, Ethan"]
[BlackElo "1851"]
[BlackTeam "Jurassic Coast"]
[Result "1/2-1/2"]
[PlyCount "63"]

1. e4 c5 2. Nf3 Nc6 3. d3 e6 4. g3 Nf6 5. Bg2 d5 6. Nbd2 dxe4 7. dxe4 Be7 8. O-O O-O 9. e5 Nd5 10. a4 Qc7 11. Re1 b6 12. Nc4 Ba6 13. Ne3 Rad8 14. Bd2 Nxe3 15. Rxe3 Nb4 16. Qc1 Nd5 17. Re1 Bb7 18. Bg5 h6 19. Bxh6 gxh6 20. Qxh6 Nb4 21. Ng5 Bxg5 22. Qxg5+ Kh8 23. Qf6+ Kg8 24. Re4 Rd4 25. Qg5+ Kh8 26. Rh4+ Rxh4 27. Qxh4+ Kg8 28. Qg5+ Kh8 29. Qf6+ Kg8 30. Qg5+ Kh7 31. Qh4+ Kg8 32. Qg5+ 1/2-1/2

[Event "4NCL Online Division 4"]
[Site "online"]
[Date "2022.02.22"]
[EventDate "2022.02.22"]
[Round "3.114"]
[White "Gosling, Brian G E"]
[WhiteElo "1857"]
[WhiteTeam "Jurassic Coast"]
[Black "Henderson, Jason"]
[BlackElo "1688"]
[BlackTeam "Calstock Killers"]
[Result "0-1"]
[PlyCount "116"]

1. d4 e6 2. Nf3 b6 3. e3 Bb7 4. Bd3 Nf6 5. O-O g6 6. c4 Bg7 7. Nc3 O-O 8. h3 d6 9. e4 Nbd7 10. Bg5 e5 11. d5 h6 12. Be3 Nc5 13. Bc2 a6 14. Rb1 Qe7 15. b4 Ncd7 16. Qc1 Kh7 17. Rd1 Rac8 18. Na4 Nh5 19. c5 Ba8 20. cxb6 cxb6 21. Nxb6 Nxb6 22. Bxb6 Nf4 23. Qd2 Qf6 24. Rb3 h5 25. Kh2 Bh6 26. Be3 Rg8 27. Ng1 g5 28. Bxf4 gxf4 29. f3 Rg6 30. Bd3 Qh4 31. Bf1 Bb7 32. a4 Rcg8 33. b5 axb5 34. axb5 Bc8 35. Ra1 f5 36. Ra7+ Kh8 37. exf5 Bxf5 38. Rf7 Bc8 39. Ra3 Qg5 40. Raa7 R6g7 41. Qc2 Bf5 42. Qb2 Rxf7 43. Rxf7 Qg3+ 44. Kh1 Qe1 45. Qe2 Qb1 46. b6 Rb8 47. b7 Rxb7 48. Rxb7 Qxb7 49. Qb5 Qe7 50. Qb8+ Kh7 51. Ba6 Bg5 52. Qb7 Kg6 53. Qxe7 Bxe7 54. Ne2 Kg5 55. Kg1 e4 56. fxe4 Bxe4 57. Bc4 Bd8 58. Nd4 Bb6 0-1

[Event "4NCL Online Division 4"]
[Site "online"]
[Date "2022.02.22"]
[EventDate "2022.02.22"]
[Round "3.121"]
[White "Allan, John M"]
[WhiteElo "1817"]
[WhiteTeam "Hebden Bridge 2"]
[Black "Martellotta, Gabriele"]
[BlackElo "1373"]
[BlackTeam "Uxbridge D"]
[Result "1-0"]
[PlyCount "87"]

1. e4 c5 2. Nf3 Nc6 3. d4 cxd4 4. Nxd4 d6 5. Nc3 Nf6 6. Be2 e6 7. Be3 Be7 8. O-O O-O 9. Kh1 a6 10. a4 Qc7 11. f4 Bd7 12. Nb3 Rac8 13. a5 Qb8 14. Bf3 Ne8 15. Na4 Bd8 16. Nb6 Bxb6 17. Bxb6 f5 18. exf5 exf5 19. c3 Nf6 20. Qd3 Be6 21. Nd4 Nxd4 22. Qxd4 Rc4 23. Qd2 d5 24. g3 Ne4 25. Qe3 Re8 26. Rad1 Bf7 27. Qg1 Qd6 28. Rd4 Qh6 29. Kg2 Qc6 30. Rfd1 Nf6 31. h3 Qb5 32. R1d2 Ne4 33. Bxe4 fxe4 34. Qe3 h6 35. g4 Qa4 36. Rxc4 dxc4 37. Rd4 Qc2+ 38. Rd2 Qb1 39. Bd4 h5 40. Be5 hxg4 41. hxg4 Qa1 42. Qxe4 Qxa5 43. Qd4 Qc7 44. Bxc7 1-0

[Event "4NCL Online Division 4"]
[Site "online"]
[Date "2022.02.22"]
[EventDate "2022.02.22"]
[Round "3.122"]
[White "Nargund, Soumya"]
[WhiteElo "1353"]
[WhiteTeam "Uxbridge D"]
[Black "Blinkhorn, Joshua"]
[BlackElo "1580"]
[BlackTeam "Hebden Bridge 2"]
[Result "0-1"]
[PlyCount "116"]

1. e4 e5 2. Nf3 Nc6 3. Bc4 Nf6 4. d3 Be7 5. Nbd2 O-O 6. O-O d6 7. c3 Kh8 8. Re1 Ng8 9. d4 exd4 10. cxd4 f5 11. Bb3 fxe4 12. Nxe4 Bg4 13. Ned2 Nxd4 14. h3 Nxf3+ 15. Nxf3 Bxf3 16. gxf3 Bg5 17. Bxg8 Bxc1 18. Rxc1 Qg5+ 19. Kh2 Kxg8 20. Qb3+ d5 21. Rg1 Qe5+ 22. Rg3 b6 23. Rg1 Rf7 24. Kh1 c6 25. Qc2 Qf6 26. b3 Rd8 27. Rd1 c5 28. Rd3 d4 29. Qd2 Re8 30. Kg2 h6 31. Qc2 Qf5 32. Qd2 Rfe7 33. Kf1 Re1+ 34. Kg2 Kh7 35. Rg4 R8e2 36. Qf4 Qxf4 37. Rxf4 Rxa2 38. Rf7 Ree2 39. f4 Kg6 40. Rf8 Rxf2+ 41. Kg1 Rfb2 42. f5+ Kh5 43. Rd1 Rg2+ 44. Kf1 Rh2 45. Kg1 Rxh3 46. Re1 Rg3+ 47. Kf1 Rxb3 48. f6 Rf3+ 49. Kg1 gxf6 50. Re5+ fxe5 51. Rxf3 e4 52. Rf5+ Kg4 53. Rf8 e3 54. Rg8+ Kf5 55. Re8 c4 56. Rf8+ Kg4 57. Rg8+ Kh3 58. Rh8 Ra1# 0-1

[Event "4NCL Online Division 4"]
[Site "online"]
[Date "2022.02.22"]
[EventDate "2022.02.22"]
[Round "3.123"]
[White "Hill, Ollie"]
[WhiteElo "1620"]
[WhiteTeam "Hebden Bridge 2"]
[Black "Boby, Shawn"]
[BlackElo "1300"]
[BlackTeam "Uxbridge D"]
[Result "1-0"]
[PlyCount "47"]

1. d4 d5 2. c4 e6 3. Nc3 Nf6 4. Nf3 Nbd7 5. e3 b6 6. Bd3 Bb7 7. cxd5 Nxd5 8. O-O Be7 9. Qc2 Nb4 10. Qd1 Nxd3 11. Qxd3 Bxf3 12. gxf3 c5 13. Kh1 O-O 14. Rg1 f5 15. Bd2 a6 16. Rg2 b5 17. Rag1 g6 18. e4 c4 19. Qc2 e5 20. exf5 Kh8 21. fxg6 Bf6 22. g7+ Bxg7 23. Rxg7 exd4 24. Qxh7# 1-0

[Event "4NCL Online Division 4"]
[Site "online"]
[Date "2022.02.22"]
[EventDate "2022.02.22"]
[Round "3.124"]
[White "Nargund, Sujan"]
[WhiteElo "1284"]
[WhiteTeam "Uxbridge D"]
[Black "Kerrane, John"]
[BlackElo "1632"]
[BlackTeam "Hebden Bridge 2"]
[Result "1/2-1/2"]
[PlyCount "44"]

1. e4 e6 2. d4 d5 3. Nd2 c5 4. exd5 Qxd5 5. Ndf3 Nc6 6. Bb5 Bd7 7. Bxc6 Bxc6 8. Ne2 Nf6 9. O-O Rd8 10. Be3 Qh5 11. Ng3 Qd5 12. dxc5 Bxc5 13. Qxd5 Rxd5 14. Bxc5 Rxc5 15. Nd4 O-O 16. Nxc6 Rxc6 17. c3 Rd8 18. Rad1 Rcd6 19. Rxd6 Rxd6 20. Rb1 Kf8 21. Kf1 Ke7 22. Ke2 Rd5 1/2-1/2

[Event "4NCL Online Division 4"]
[Site "online"]
[Date "2022.02.22"]
[EventDate "2022.02.22"]
[Round "3.131"]
[White "Roome, Gregory"]
[WhiteElo "1637"]
[WhiteTeam "Wells Globetrotters 2"]
[Black "Medhurst, Brian"]
[BlackElo "1690"]
[BlackTeam "Plymouth 2"]
[Result "0-1"]
[PlyCount "88"]

1. d4 g6 2. c4 Bg7 3. Nc3 c5 4. e3 cxd4 5. exd4 Nf6 6. Nf3 d6 7. g3 O-O 8. Bg2 Qa5 9. O-O Qb4 10. Qd3 Bf5 11. Qe2 Nc6 12. a3 Qb6 13. Be3 Qc7 14. Nb5 Qd7 15. d5 Nd8 16. Bxa7 Ne4 17. Bd4 f6 18. Nh4 Ng5 19. Nxf5 gxf5 20. h4 Ngf7 21. Rfe1 Re8 22. Qh5 Nh6 23. Nc7 Ndf7 24. Nxa8 Rxa8 25. Qe2 Re8 26. b4 Kf8 27. Reb1 e5 28. dxe6 Rxe6 29. Qd3 Ne5 30. Bxe5 fxe5 31. Bd5 Re7 32. a4 e4 33. Qe3 Ng4 34. Qf4 Bxa1 35. Rxa1 Rg7 36. Bxe4 Rf7 37. Bd5 Rf6 38. b5 Ne5 39. Qg5 Rg6 40. Qe3 Qg7 41. Re1 Rg4 42. Kh2 Re4 43. Qg5 Nf3+ 44. Kg2 Nxg5 0-1

[Event "4NCL Online Division 4"]
[Site "online"]
[Date "2022.02.22"]
[EventDate "2022.02.22"]
[Round "3.132"]
[White "Wilby, Robert G"]
[WhiteElo "1675"]
[WhiteTeam "Plymouth 2"]
[Black "Johnson, RN Phil"]
[BlackElo "1629"]
[BlackTeam "Wells Globetrotters 2"]
[Result "1-0"]
[PlyCount "39"]

1. d4 c6 2. e3 d5 3. f4 Nf6 4. Bd3 Bg4 5. Nf3 e6 6. O-O Nbd7 7. Nbd2 Qb6 8. c3 c5 9. Qe1 Be7 10. Ne5 Bh5 11. Ndf3 Bg6 12. Nxg6 hxg6 13. Ne5 Nh7 14. Qg3 Nhf8 15. Qf3 Rh6 16. g4 f6 17. g5 Nxe5 18. fxe5 Rh5 19. Bxg6+ Nxg6 20. Qxh5 1-0

[Event "4NCL Online Division 4"]
[Site "online"]
[Date "2022.02.22"]
[EventDate "2022.02.22"]
[Round "3.133"]
[White "Jukes, Ben"]
[WhiteElo "1565"]
[WhiteTeam "Wells Globetrotters 2"]
[Black "Hart-Davis, Adam"]
[BlackElo "1701"]
[BlackTeam "Plymouth 2"]
[Result "1/2-1/2"]
[PlyCount "85"]

1. d4 d5 2. c4 c6 3. Nc3 Nf6 4. Bg5 e6 5. a3 Be7 6. Nf3 O-O 7. e3 Nbd7 8. Qc2 h6 9. Bh4 b6 10. b4 a5 11. b5 Bb7 12. bxc6 Bxc6 13. cxd5 exd5 14. Bd3 Rc8 15. Qb2 Re8 16. Bg3 Ne4 17. Ne5 Nxc3 18. Qxc3 Ba4 19. Qb2 Nxe5 20. Bxe5 Bd6 21. Bxd6 Qxd6 22. O-O Rc6 23. Rfc1 Rec8 24. Rxc6 Qxc6 25. Rb1 b5 26. h3 Qc3 27. Bxb5 Qxb2 28. Rxb2 Rb8 29. Bxa4 Rxb2 30. Bc6 Rb3 31. a4 Rb4 32. Kf1 Kf8 33. Ke2 Ke7 34. Kd3 Kd6 35. Bb5 f6 36. Be8 g5 37. Ke2 Rb2+ 38. Kf3 Ra2 39. Kg3 Ke7 40. Bc6 Kd6 41. Be8 Ra3 42. Kg4 Ra2 43. Kg3 1/2-1/2